00586nam a2200181Ia 4500003000900000008004100009040001600050080001500066100002000081245009800101260004800199300000900247650001900256650001600275942000700291999001500298952009100313IN-BaIIA211028s9999 xx 000 0 eng d cIIA Library a530.1bBOR aBorn, Max91579 0aExperiment and theory in physicscMax Born  aCambridgebCambridge University Pressc1944 a43p. aNASA Thesaurus aPhysics973 cBK c1129d1129 00104070aBANbBANcGENd0000-00-00l0o530.1/ BORp1187r2021-11-05w0000-00-00yBK